Manažerské modely firmy
Rôznorodosť prístupov k teórii firmy. Základné prístupy k manažérskej teórii firmy. Všeobecné podmienky za akých podnikateľ sleduje maximalizáciu zisku. Scitovského model. Baumolov model. Williamsonov model. Marrisov model.
Enregistré dans:
| Auteur principal: | |
|---|---|
| Format: | Chapitre de livre |
| Langue: | tchèque |
| Sujets: | |
| Tags: |
Pas de tags, Soyez le premier à ajouter un tag!
|
MARC
| LEADER | 00000naa$a2200000$$$4500 | ||
|---|---|---|---|
| 001 | 0039971 | ||
| 005 | 20231019130853.9 | ||
| 041 | 0 | |a cze | |
| 044 | |a CZ | ||
| 245 | 1 | 0 | |a Manažerské modely firmy |c Vít Pošta |
| 520 | |a Rôznorodosť prístupov k teórii firmy. Základné prístupy k manažérskej teórii firmy. Všeobecné podmienky za akých podnikateľ sleduje maximalizáciu zisku. Scitovského model. Baumolov model. Williamsonov model. Marrisov model. | ||
| 610 | 2 | 0 | |a teória firmy |
| 610 | 2 | 0 | |a manažéri |
| 610 | 2 | 0 | |a koncepcie |
| 610 | 2 | 0 | |a riadenie podnikové |
| 610 | 2 | 0 | |a modely ekonomicko-matematické |
| 610 | 2 | 0 | |a zisk podnikový |
| 100 | 1 | |a Pošta, Vít | |